Volby poražených vítězů?
Voľby do Spolkového snemu Nemecka. Kritika reformnej politiky sociálnodemokratického kancelára Schrödera. Volebná kampaň opozície. Výsledky volieb pre mnohých pozorovateľov prekvapením.
Salvato in:
| Autore principale: | |
|---|---|
| Natura: | Capitolo di libro |
| Lingua: | ceco |
| Soggetti: | |
| Tags: |
Nessun Tag, puoi essere il primo ad aggiungerne!!
|
MARC
| LEADER | 00000naa$a2200000$$$4500 | ||
|---|---|---|---|
| 001 | 0036297 | ||
| 005 | 20231016092021.0 | ||
| 041 | 0 | |a cze | |
| 044 | |a CZ | ||
| 245 | 1 | 0 | |a Volby poražených vítězů? |c Uwe Müller |
| 520 | |a Voľby do Spolkového snemu Nemecka. Kritika reformnej politiky sociálnodemokratického kancelára Schrödera. Volebná kampaň opozície. Výsledky volieb pre mnohých pozorovateľov prekvapením. | ||
| 610 | 2 | 0 | |a voľby |
| 610 | 2 | 0 | |a strany politické |
| 610 | 2 | 0 | |a strany vládne |
| 610 | 2 | 0 | |a opozícia |
| 610 | 2 | 0 | |a občania |
| 610 | 2 | 0 | |a mienka verejná |
| 610 | 2 | 0 | |a Nemecko |
| 100 | 1 | |a Müller, Uwe | |